000 00928nam a22002297a 4500
003 OSt
005 20250819155920.0
008 241009b |||||||| |||| 00| 0 eng d
040 _c0
082 _aDPer 613.705 J826 January-December 2020 v. 91 n. 1-9
100 _aStillwell, Belinda.
_eauthor.
_962607
245 _aTeaching strategies for beginning high school student afraid in water /
_cBelinda Stillwell and Rubina Khatchaturian.
260 _aVirginia ;
_bAmerican Alliance for Health ,
_cApril 2020.
300 _aVolume 91, pages 30-39 :
_billustration ;
_c28 cm.
500 _aThe Journal of Physical Education Recreation & Dance, vol. 91, no. 4, pages 30-39, April 2020.
650 0 _aTeaching strategies.
_96067
650 0 _aStudents.
_919468
650 0 _aSwimming -- Training
_927860
700 _aStillwell, Belinda.
_eauthor.
_962607
700 _aKhatchaturian, Rubina.
_eauthor.
_966946
942 _2ddc
_cPER
999 _c22385
_d22385